000 01414nabaa22002417a 4500
999 _c6205
_d6205
003 OSt
005 20260125211358.0
008 190701b xxu||||| |||| 00| 0 spa d
040 _cPJ
100 _96936
_aFerreri, Federico
245 1 0 _aTutela judicial efectiva y acciones afirmativas :
_b¿deben los jueces suplir las falencias de la Administración pública cuando se presenten afectaciones palmarias de los derechos elementales de grupos en condiciones de vulnerabilidad?
_cFederico Ferreri.
300 _ap. 152-160
500 _aCita: TR LALEY AR/DOC/2736/2024
505 _aSumario: I. Introducción.— II. Marco teórico. Pensamiento del Dr. Martín D. Farrell en torno a las libertades positivas y negatvas.— III. Tutela judicial efectiva y acciones positivas.— IV. Deber de actuar ante casos de amenazas a los derechos de vulnerables.— V. Activismo judicial. VI. Conclusiones.— VII. Bibliografía.
505 _t¿Te interesa el texto completo? Comunicate al correo: koha@justierradelfuego.gov.ar
650 0 _9211
_aDERECHO ADMINISTRATIVO
650 0 _9178
_aDERECHO CONSTITUCIONAL
650 0 _9872
_aINTERPRETACION CONSTITUCIONAL
650 0 _91171
_aACTO ADMINISTRATIVO
650 0 _9802
_aDESCENTRALIZACION ADMINISTRATIVA
773 0 _02842
_93251
_dBuenos Aires : AbeledoPerrot, 2012-
_oDA121
_tDerecho administrativo. Nº 156 noviembre/diciembre 2024
_z18510590
942 _2udc
_cANA